Tacones, siliconas, hormonas Etnografa̕, teora̕ feminista y experiencia trans /

Detalles Bibliográficos
Autor principal: Garca̕ Becerra, Andrea
Formato: eBook
Lenguaje:español
Publicado: Bogot:̀ Siglo del Hombre Editores, 2018
Materias:
Acceso en línea:Acceso restringido

MARC

LEADER 00000nam a22000007a 4500
005 20210420222347.0
007 cr|||| ||||
008 210420s2018 co |||||s|||| 00||0 spa d
020 |a 978-958-665-550-7 
035 |a 33244 
040 |a vLex 
090 |c 11482  |d 11482 
100 1 |a Garca̕ Becerra, Andrea 
245 1 0 |a Tacones, siliconas, hormonas  |h [Recurso electrn̤ico] :  |b Etnografa̕, teora̕ feminista y experiencia trans /  |c Andrea Garca̕ Becerra 
256 |a Servicio en ln̕ea 
260 |a Bogot:̀  |b Siglo del Hombre Editores,  |c 2018 
300 |a 1 recurso electrn̤ico 
500 |a Este libro presenta una etnografa̕ construida a partir del trabajo de campo con personas trans, desde las teora̕s feministas acerca del poder, la identidad, as ̕como la construccin̤ del sexo, el gňero y la sexualidad. Se describen y analizan cotidianidades, identidades y cuerpos relacionadas con procesos de trǹsito por los sexos y los gňeros. Se escribe contra una serie de estereotipos producidos y difundidos por los medios de comunicacin̤, el sistema mďico, las burocracias del Estado y los activismos, que presentan a las mujeres trans como prostitutas o peluqueras. La observacin̤ etnogrf̀ica muestra cm̤o las subjetividades trans trascienden dichas representaciones excluyentes. 
506 1 |a Disponible solo en los productos indicados  |d vLex Global  |d vLex Global (Academic Edition, excluding Law Schools)  |d vLex Global (U.S. Academic Edition, Law Schools)  |d vLex Global (U.S. Academic Edition, excluding Law Schools)  |d vLex Global (Academic Edition, Law Schools) 
650 0 4 |a Derecho Pb︢lico y Administrativo  |z Colombia 
740 0 |a vLex Libros (Servicio en ln̕ea) 
856 4 0 |u https://vlex.com/source/tacones-siliconas-hormonas-etnografia-teoria-feminista-y-experiencia-trans-33244  |z Acceso restringido 
942 |c BOOK 
999 0 |a Public and Administrative Law